Mammals A-Z by Picture - Statistics

General Stats
  • This quiz has been taken 248 times
    234 since last reset
  • The average score is 19 of 22
Answer Stats
Picture Hint Answer % Correct
D Dolphin
98%
F Fox
98%
G Gorilla
98%
H Horse
98%
E Elephant
97%
R Raccoon
97%
Z Zebra
97%
J Jaguar
96%
K Koala
96%
W Whale
96%
A Armadillo
95%
B Baboon
95%
L Lemur
94%
O Orangutan
94%
S Sloth
94%
P Porcupine
90%
Y Yak
89%
M Manatee
86%
T Tapir
77%
C Caribou
67%
I Impala
65%
N Nutria
33%
No matching quizzes found
Score Distribution
Percent of People with Each Score
Percentile by Number Answered
Your Score History
You have not taken this quiz since the last reset